000
00312nam a2200121 a 4500
008
101213s1966|||| d
100
1
_a
Chovancová, Šarlota
245
1
0
_a
Výpožičná služba
260
_b
Slovenská technická knižnica
_a
Bratislava
_c
1966
020
_c
10
041
_a
slo
044
_a
xo
_c
SK
999
_c
15166
_d
15166